01573nam a22002777a 4500008004100000020001800041040000800059041000800067050002000075100003700095245004700132260004100179300003100220490003700251520068400288650004100972650002501013650002901038650002801067655002701095655002701122655003001149942000801179952009301187999001501280251119b |||||||| |||| 00| 0 eng d a9781529399325 ctbs aeng aPZ7.1.G368 2023 aGarber, Stephanie926546eauthor aA curse for true lovec/ Stephanie Garber. aDublin :bHodder & Stoughton,c2024. a385 pages :bmap ;c20 cm. aOnce upon a broken heart ;vbk.3 aTwo villains, one girl, and a deadly battle for happily ever after. Evangeline Fox ventured to the Magnificent North in search of her happy ending, and it seems as if she has it. She''s married to a handsome prince and lives in a legendary castle. But Evangeline has no idea of the devastating price she''s paid for this fairytale. She doesn''t know what she has lost, and her husband is determined to make sure she never finds out . . . but first he must kill Jacks, the Prince of Hearts. Blood will be shed, hearts will be stolen, and true love will be put to the test in A Curse for True Love, the breathlessly anticipated conclusion to the Once Upon A Broken Heart trilogy. 0aBlessing and cursingvFiction926547 0aLovevFiction924358 0aVillainsvFiction926548 0aPrincesvFiction926530 0aFantasy fiction922510 0aRomance fiction922778 0aParanormal fiction922925 2lcc 00102lcc4070aTBSbTBSd2025-11-19l0oP-EN GARpB05624r2025-11-19t1w2025-11-19y1 c5189d5189